Исследование выхода электронов из разряда с осциляцией электронов в магнитном поле: Диссертация на соискание ученой степени кандидата технических наук

Bibliografische gegevens
Hoofdauteur: Крейндель Ю. Е.
Coauteur: Томский институт радиоэлектроники и электронной техники (ТИРиЭТ)
Andere auteurs: Носков Д. А. (научный руководитель)
Taal:Russisch
Gepubliceerd in: Томск, [Б. и.], 1965
Onderwerpen:
Formaat: Boek
KOHA link:https://koha.lib.tpu.ru/cgi-bin/koha/opac-detail.pl?biblionumber=146104

MARC

LEADER 00000nbm0a2200000 4500
001 146104
005 20231031144505.0
035 |a (RuTPU)RU\TPU\book\158369 
090 |a 146104 
100 |a 20081027d1965 k y0rusy50 ca 
101 0 |a rus 
102 |a RU 
105 |a a m 001zy 
200 1 |a Исследование выхода электронов из разряда с осциляцией электронов в магнитном поле  |e Диссертация на соискание ученой степени кандидата технических наук  |f Ю. Е. Крейндель  |g Томский институт радиоэлектроники и электронной техники (ТИРиЭТ) ; науч. рук. Д. А. Носков 
210 |a Томск  |c [Б. и.]  |d 1965 
215 |a 179 л.  |c ил. 
320 |a Библиогр.: с.173 - 177 ( 94 назв.) 
610 1 |a электроны 
610 1 |a выходы 
610 1 |a осцилляция 
610 1 |a магнитные поля 
610 1 |a импульсный разряд 
610 1 |a трубки Пеннинга 
610 1 |a электронный ток 
610 1 |a газоразрядные источники 
610 1 |a газоразрядные приборы 
610 1 |a инжекция 
610 1 |a экспериментальное исследование 
610 1 |a диссертации 
675 |a 621.385(04)  |v 3 
700 1 |a Крейндель  |b Ю. Е. 
702 1 |a Носков  |b Д. А.  |4 727 
712 0 2 |a Томский институт радиоэлектроники и электронной техники (ТИРиЭТ)  |c (1962-1971)  |2 stltpush  |3 (RuTPU)RU\TPU\col\44 
801 1 |a RU  |b 63413507  |c 20081027  |g PSBO 
942 |c BK